| 000 | 01975nam0a2200337 i 4500 | ||
|---|---|---|---|
| 001 | RU\NLR\BIBL_A\011152042 | ||
| 005 | 20240921131619.0 | ||
| 010 |
_a9785748716901 _9182 |
||
| 021 |
_aRU _b2016-45851 _92947 |
||
| 035 | _a(NILC)RuMoRGB-008509915 | ||
| 035 | _a(NLR Aleph) 011152042 | ||
| 090 |
_a11678563 _c11678563 |
||
| 100 | _a20160615d2015 km y0rusy50 ca | ||
| 101 | 0 | _arus | |
| 102 | _aRU | ||
| 105 | _aa|||j|||000yy | ||
| 200 | 1 |
_aФармакология нейротропных и психотропных средств _eучебное пособие _e[для студентов лечебного факультета по специальности 060101.65 - Лечебное дело и других специальностей медицинских вузов, изучающих фармакологию] _fС. А. Литвинов _gГос. бюджет. образоват. учреждение высш. проф. образования "Кур. гос. мед. ун-т М-ва здравоохранения Рос. Федерации" |
|
| 210 |
_aКурск _cИзд-во Курского государственного медицинского университета _d2015 |
||
| 215 |
_a210 с. _cил., табл. _d21 |
||
| 320 | _aБиблиогр.: с. 210 | ||
| 606 |
_aНейротропные средства _jУчебные издания для высших учебных заведений _xФармакология _91671006 _3RU\NLR\AUTH\66741066 |
||
| 606 |
_aПсихотропные средства _jУчебные издания для высших учебных заведений _xФармакология _92024073 _3RU\NLR\AUTH\66931780 |
||
| 675 | _a615.1/.4 | ||
| 686 | 1 | _aР281.70я73 | |
| 686 | 1 | _aР281.711я73 | |
| 700 | 1 |
_aЛитвинов _bС.А. _gСергей Алексеевич |
|
| 801 | 0 |
_aRU _bРГБ _c20160603 _gRCR |
|
| 942 | _cBOOK | ||
| 980 | _aNBR | ||